000 00386nam a22001337a 4500
020 _a9787119119441
082 _a333.7914
100 _aZhou, Dadi
245 _aToward a green and low-carbon future : China's energy strategy
_cZhou Dadi
260 _aChina
_bForeign Language Press
_c2019
300 _a377p
942 _2ddc
_cBK
999 _c586534
_d586534